Political Study of Pakistan (Record no. 5298)

MARC details
000 -LEADER
fixed length control field 00637nam a2200253 a 4500
020 ## - INTERNATIONAL STANDARD BOOK NUMBER
ISBN
082 00 - DEWEY DECIMAL CLASSIFICATION NUMBER
Classification number 954.91
Author Cutter MAH
100 ## - MAIN ENTRY--AUTHOR NAME
Author name Mahmood, Safdar
245 ## - TITLE STATEMENT
Title Political Study of Pakistan
260 ## - PUBLICATION, DISTRIBUTION, ETC. (IMPRINT)
Place of publication Lahore
Name of publisher Sh. Muhammad Ashraf
Year of publication 1975
300 ## - PHYSICAL DESCRIPTION
Number of Pages 222p
500 ## - GENERAL NOTE
General note includes index and biblioraphy
505 2# - FORMATTED CONTENTS NOTE
Formatted contents note Bibliography, Index
650 ## - SUBJECT ADDED ENTRY--TOPICAL TERM
Topical Term Pakistan-History
650 ## - SUBJECT ADDED ENTRY--TOPICAL TERM
Topical Term Pakistan-Government & Politics
942 ## - ADDED ENTRY ELEMENTS (KOHA)
Koha item type Books
700 1# -
-- Mahmood, Safdar
Holdings
Home library Current library Date acquired Cost, normal purchase price Full call number Accession Number Koha item type
Henry Martyn Institute Library Henry Martyn Institute Library 08/01/2007 100.00 954.91 MAH 09408 E-Books
                   Copyright © 2026 | Henry Martyn Institute | Hyderabad | TS-500052 | INDIA | Implemented by hmi.edu.in
Hit-Count:

Powered by Koha